| 000 | 00374 a2200169 4500 | ||
|---|---|---|---|
| 001 | 189874 | ||
| 020 | _a978-85-6232-813-8 | ||
| 040 | _cMagnum | ||
| 100 | _aLemov, Doug | ||
| 240 | 1 | 0 |
_aAula nota 10 _lpor |
| 245 | 1 | 0 | _aAula nota 10 |
| 300 | _a330 | ||
| 362 | 0 | _a2011 | |
| 440 | 1 | _aFundação Lemann | |
| 697 | _aEDUCAÇÃO EM GERAL E DISCIPLINAS AFINS | ||
| 942 | _cBK | ||
| 999 |
_c189874 _d189874 |
||